000 01101nam a2200265 i 4500
001 69183
003 ES-MaACL
005 20230906170445.0
007 t|
008 040916s2002 sp a |||| | spa d
080 _a904(460.11/.12):7.032(37)
100 0 _aGómez-Tabanera, José Manuel,
_d1926-2011
_958165
245 1 0 _aLares viales en el Conventus Asturum
_b: los dioses de los caminos en el N.O. y Asturia romanos /
_cJosé Manuel Gómez-Tabanera.
260 _a[Madrid] :
_bCSIC, Instituto de la Lengua Española,
_c[2002]
300 _a27 p. :
_bil. ;
_c21 cm.
504 _aBibliografía: p. 26-27.
594 _aEn port.: VI Congreso Internacional de Caminería Hispánica.
650 0 4 _aCaminos-
_zEspaña.
_910701
651 4 _aAsturias (Comunidad Autónoma)-
_xRestos arqueológicos romanos.
_97833
651 4 _aGalicia-
_xRestos arqueológicos romanos.
_98738
710 2 _aInstituto de la Lengua Española.
_9149379
711 2 _aCongreso Internacional de Caminería Hispánica (
_n6º.
_d2002.
_cL'Aquila y Madrid)
_9415
852 _aES-MaACL
_j2179-F-23
999 _c69183
_d69183